000 00645nam a2200193Ia 4500
003 IN-BaIIA
008 211028s9999 xx 000 0 eng d
020 _a0-89490-027-7
040 _cIIA Library
080 _a524.3(035)
_bJON-1
245 0 _aWebb society deep-sky observer's handbook
_bvol. 1, double stars
_cedited by Kenneth Glyn Jones
260 _aNew Jersey
_bEnslow Publishers
_c1979
300 _aviii,120p.
650 _aAstronomy and Astrophysics Thesaurus
650 _aDouble Stars Handbooks
_912454
650 _aHandbooks-Astronomy
700 _aJones, Kenneth Glyn, ed.
_912455
942 _cBK
999 _c7279
_d7279